000 00649nam a2200229Ia 4500
003 OSt
005 20220925184618.0
006 a|||||r|||| 00| 0
007 ta
008 220923b |||||||| |||| 00| 0 eng d
037 _cGeneral Book
040 _aRTL
_cRTL
_beng
041 _2eng
_aeng
082 _aX9.2311.N89<--N88, M9
110 _aNagri Mills company limited
245 0 _aAnnual report 1988-89
260 _aAhmedabad
_bNagri Mills company limited India
_c1988
300 _a19p
_ccm.
700 _aNagri Mills company limited
942 _hX9.2311.N89<--N88, M9
_cGB
_2CC
999 _c508288
_d508288